000 00974nac a22001811u 4500
008 090318s2002 xxu||||| |||| 00| 0 ara d
020 _a9770182788
082 _a327.62974
_bغ و ر
100 1 _aغورياتشكين ، غينادى
_920089
245 _aروسيا ومصر فى ضوء الأرشيفات الروسية :
_bأواسط القرن الـ 19 _بداية القرن الـ 20 /
_cغينادى غورياتشكين
260 _aالقاهرة :
_bالهيئة المصرية العامة للكتاب ،2002
_c2002.
300 _a467 ص ؛
_c24 سم.
511 _aCatalogued by: Sara
651 _921755
_aمصر
_xالعلاقات الخارجية
_zروسيا
651 _921756
_aروسيا
_xالعلاقات الخارجية
_zمصر
942 _cBB
_k327.62974 غ و ر
_2ddc
999 _c6433
_d6433